| 000 | 01203pam a2200325 i 4500 | ||
|---|---|---|---|
| 001 | 3942813 | ||
| 003 | EG-ScBUE | ||
| 005 | 20251216102455.0 | ||
| 008 | 930707t1993 gw a f b 001 0 eng | ||
| 020 | _a3540568980 (Berlin : acidfree paper) | ||
| 020 | _a0387568980 (New York : acidfree paper) | ||
| 040 |
_aEG-ScBUE _beng _erda _cEG-ScBUE _dEG-ScBUE |
||
| 082 | 0 | 4 |
_a549.5 _222 _bTHE |
| 245 | 0 | 0 |
_aThermodynamic data on oxides and silicates : _ban assessed data set based on thermochemistry and high pressure phase equilibrium / _cSurendra K. Saxena, [and three others] |
| 264 | 1 |
_aBerlin : _bSpringer-Verlag, _c[1993] |
|
| 264 | 4 | _cc1993 | |
| 300 |
_aviii, 428 pages : _billustrations ; _c25 cm |
||
| 336 |
_2rdacontent _atext _btxt |
||
| 337 |
_aunmediated _2rdamedia _bn |
||
| 338 |
_avolume _bnc _2rdacarrier |
||
| 500 | _aWith 34 figures. | ||
| 500 | _aIncludes Appendices. | ||
| 504 | _aIncludes bibliographical references and index. | ||
| 650 | 7 |
_aOxides _xTables. _97601 _2BUEsh |
|
| 650 | 7 |
_aSilicates _xTables. _97602 _2BUEsh |
|
| 650 | 7 |
_aThermodynamics _xTables. _97603 _2BUEsh |
|
| 655 | _vReading book | ||
| 700 | 1 |
_aSaxena, Surendra Kumar, _d1936- _97604 _eauthor. |
|
| 942 |
_2ddc _cBB |
||
| 999 |
_c12208 _d12208 |
||